Every Album Joyner Lucas Has Featured On - Statistics

General Stats
  • This quiz has been taken 3 times
  • The average score is 7 of 20
Answer Stats
Artist(s) Album Track Title Date Released % Correct
Eminem Kamikaze Lucky You Aug 31, 2018
100%
Tech N9ne The Storm Sriracha Dec 9, 2016
100%
Chris Brown 11:11 Freak Apr 11, 2021
50%
Statik Selektah 8 Don't Run Dec 8, 2017
50%
Nick Miti A Visionaries Tale Hunger Painz Aug 8, 2016
50%
XXXTENTACION Bad Vibes Forever NorthStar - Remix Dec 6, 2019
50%
Will Smith Based on a True Story Tantrum Mar 28, 2025
50%
Tech N9ne BLISS Knock July 28, 2023
50%
Chris Brown Indigo Need A Stack Oct 4, 2019
50%
Cyrus tha Great King Kong Ain't Got Shit on ME Great Expectations Jun 19, 2015
50%
Tom Francis Underestimated Whats It All Worth Jun 13, 2016
50%
iLLiZeM 2 Bics, 2 Papers Faded Endings Mar 31, 2017
0%
Elijah James Anomaly Slow Down - Bonus Track Feb 22, 2021
0%
Young RJ Blaq Royalty Motion Oct 10, 2017
0%
Agrace Don't Look Back Until I Die Aug 14, 2016
0%
Izo Lie Darling May 21, 2021
0%
DJ Prince Saturday Morning Cartoons I'm Home Now Feb 7, 2016
0%
Jarren Benton Slow Motion, Vol. 2 Tec in the Church Jul 22, 2016
0%
Jae Von The Late Show Lady Killa & New Kings Aug 15, 2019
0%
Too $hort The Pimp Tale Ain't My Girlfriend Nov 9, 2018
0%
No matching quizzes found
Score Distribution
Percent of People with Each Score
Percentile by Number Answered
Your Score History
You have not taken this quiz